[Event "Copa Latinoamericana de Ajedrez 2011"]
[Site "Montevideo URU"]
[Date "2011.11.02"]
[Round "3.24"]
[White "Escandon, Federico"]
[Black "De Dovitiis, Alejo"]
[Result "0-1"]
[WhiteElo "2145"]
[BlackElo "2366"]
[PlyCount "62"]
[EventDate "2011.11.01"]
[EventType "swiss"]
[EventRounds "9"]
[EventCountry "URU"]
[Source "lmi"]
[SourceDate "2011.11.01"]

1. e4 e6 2. d4 d5 3. Nc3 dxe4 4. Nxe4 Bd7 5. Nf3 Bc6 6. Bd3 Nd7 7. O-O Ngf6 8.
Ng3 Be7 9. b3 h5 10. h4 Ng4 11. Ng5 Ndf6 12. c4 Bd6 13. d5 exd5 14. Re1+ Kf8
15. Bg6 Bxg3 16. Ba3+ Bd6 17. Nxf7 Bxa3 18. Nxd8 Rxd8 19. Qd2 Bd6 20. Qe2 Rh6
21. Bf5 Bc5 22. Rf1 Re8 23. Qc2 dxc4 24. Qxc4 Re5 25. Bd3 Nd7 26. a4 Rf6 27.
Ra2 Rd5 28. Bb1 Rd4 29. Qc2 Nge5 30. Qh7 Rg4 31. Qh8+ Ke7 0-1

[Event "Copa Latinoamericana de Ajedrez 2011"]
[Site "Montevideo URU"]
[Date "2011.11.02"]
[Round "3.25"]
[White "Cao, Jorge"]
[Black "Egoroff, Jomar"]
[Result "0-1"]
[WhiteElo "2105"]
[BlackElo "2311"]
[PlyCount "112"]
[EventDate "2011.11.01"]
[EventType "swiss"]
[EventRounds "9"]
[EventCountry "URU"]
[Source "lmi"]
[SourceDate "2011.11.01"]

1. d4 d5 2. c4 e6 3. Nc3 Nf6 4. Bg5 Nbd7 5. Nf3 Be7 6. e3 O-O 7. Rc1 Re8 8. Bd3
c6 9. O-O a6 10. c5 e5 11. dxe5 Ng4 12. Bf4 Bxc5 13. h3 Ngxe5 14. Nxe5 Nxe5 15.
Bxh7+ Kxh7 16. Qh5+ Kg8 17. Bxe5 Bd6 18. Bxd6 Qxd6 19. Rfd1 Re5 20. Qf3 Rf5 21.
Qe2 Qg6 22. Rd4 Rf6 23. Rh4 Qf5 24. Qc2 Rg6 25. Qxf5 Bxf5 26. Na4 Re8 27. Nc5
Re7 28. Kh2 Bc8 29. Rb4 Rf6 30. Kg1 Kf8 31. a4 Rc7 32. a5 Ke7 33. Rc3 Kd6 34.
Rd4 Rf5 35. e4 Re5 36. f4 Re8 37. b4 g6 38. g4 f5 39. exf5 gxf5 40. g5 Re1+ 41.
Kf2 Rce7 42. Rd2 Rb1 43. Nd3 Be6 44. Rb2 Rd1 45. Ke2 Rh1 46. Nf2 Rg1 47. Re3 d4
48. Re5 Bc4+ 49. Nd3 Rxe5+ 50. fxe5+ Kd5 51. Rd2 Rg3 52. h4 Re3+ 53. Kf2 Bxd3
54. g6 f4 55. g7 Bh7 56. Kg2 Rg3+ 0-1

[Event "Copa Latinoamericana de Ajedrez 2011"]
[Site "Montevideo URU"]
[Date "2011.11.02"]
[Round "3.26"]
[White "Trois, Francisco R Terres"]
[Black "Crespo, Antonio Rogerio"]
[Result "1/2-1/2"]
[WhiteElo "2275"]
[BlackElo "2153"]
[PlyCount "84"]
[EventDate "2011.11.01"]
[EventType "swiss"]
[EventRounds "9"]
[EventCountry "URU"]
[Source "lmi"]
[SourceDate "2011.11.01"]

1. c4 e5 2. Nc3 Nc6 3. Nf3 Bc5 4. e3 d6 5. d4 Bb4 6. h3 Nf6 7. Be2 O-O 8. O-O
Bxc3 9. bxc3 e4 10. Nd2 Ne7 11. Ba3 Re8 12. c5 d5 13. c4 c6 14. Rb1 Rf8 15. Re1
Ne8 16. Bf1 Kh8 17. cxd5 cxd5 18. c6 bxc6 19. Qa4 Be6 20. Nb3 Nd6 21. Nc5 Rg8
22. Rec1 a5 23. Qd1 Bc8 24. Na4 g5 25. Nb6 Rb8 26. Nxc8 Rxc8 27. g3 f5 28. Qh5
Rg6 29. Kh2 Qd7 30. Rb6 Ng8 31. Qd1 f4 32. Qg4 Qxg4 33. hxg4 fxg3+ 34. Kxg3 Ne7
35. Be2 Rf8 36. Bxd6 Rxd6 37. Rb7 Rf7 38. Kg2 Rdf6 39. Rf1 Ng6 40. Rxf7 Rxf7
41. Rb1 Ra7 42. Kg3 Kg7 1/2-1/2

[Event "Copa Latinoamericana de Ajedrez 2011"]
[Site "Montevideo URU"]
[Date "2011.11.02"]
[Round "3.27"]
[White "Rodriguez, Santiago"]
[Black "Cukerman, Diego"]
[Result "1-0"]
[WhiteElo "2269"]
[BlackElo "2133"]
[PlyCount "71"]
[EventDate "2011.11.01"]
[EventType "swiss"]
[EventRounds "9"]
[EventCountry "URU"]
[Source "lmi"]
[SourceDate "2011.11.01"]

1. e4 c5 2. Nc3 Nc6 3. Bb5 Nd4 4. Bc4 e6 5. Nf3 Nf6 6. O-O d5 7. exd5 exd5 8.
Re1+ Be7 9. Nxd5 Nxd5 10. Nxd4 cxd4 11. Qh5 g5 12. d3 Qd6 13. Bxg5 Be6 14. Bxe7
Qxe7 15. Bxd5 O-O-O 16. Bxe6+ fxe6 17. Qe5 Rhe8 18. c3 dxc3 19. Rac1 Rxd3 20.
Rxc3+ Rxc3 21. Qxc3+ Kb8 22. Qe5+ Ka8 23. Rc1 Rd8 24. h3 a6 25. a3 Qf7 26. b4
Rf8 27. Qc5 Rg8 28. a4 Qg7 29. g3 Qh6 30. h4 Kb8 31. b5 e5 32. bxa6 Qxa6 33.
Qxe5+ Ka8 34. Rc5 b6 35. Qd5+ Ka7 36. Qf7+ 1-0

[Event "Copa Latinoamericana de Ajedrez 2011"]
[Site "Montevideo URU"]
[Date "2011.11.02"]
[Round "3.28"]
[White "Cuevas Araya, Walter"]
[Black "Escofet, Jaime"]
[Result "1/2-1/2"]
[WhiteElo "2259"]
[BlackElo "2056"]
[PlyCount "95"]
[EventDate "2011.11.01"]
[EventType "swiss"]
[EventRounds "9"]
[EventCountry "URU"]
[Source "lmi"]
[SourceDate "2011.11.01"]

1. d4 e6 2. Nf3 f5 3. g3 Nf6 4. Bg2 c6 5. c4 d5 6. O-O Bd6 7. b3 Qe7 8. Bb2 O-O
9. Nbd2 Nbd7 10. Rc1 Ne4 11. e3 Qf6 12. Rc2 Qh6 13. Ne5 Ndf6 14. Qe2 Bd7 15.
Nxe4 fxe4 16. f4 exf3 17. Bxf3 Be8 18. Rcc1 Bg6 19. Nxg6 Qxg6 20. Bc3 Ne4 21.
c5 Bc7 22. b4 Rf6 23. Bxe4 Qxe4 24. Rxf6 gxf6 25. Rf1 Rf8 26. a4 Kf7 27. Qf3
Qxf3 28. Rxf3 f5 29. Rf1 h5 30. Rb1 Ke7 31. b5 Kd7 32. Kg2 Rg8 33. Be1 h4 34.
Bf2 e5 35. dxe5 Bxe5 36. Rb4 hxg3 37. Bxg3 Bxg3 38. hxg3 cxb5 39. axb5 Rc8 40.
c6+ bxc6 41. bxc6+ Rxc6 42. Rf4 Ke6 43. Ra4 a6 44. Kf3 Kd6 45. Rf4 Ke5 46. Ra4
Kf6 47. Rf4 Ke5 48. Ra4 1/2-1/2

[Event "Copa Latinoamericana de Ajedrez 2011"]
[Site "Montevideo URU"]
[Date "2011.11.02"]
[Round "3.29"]
[White "Paveto, Kevin"]
[Black "Tregarthen, Emiliano"]
[Result "1-0"]
[WhiteElo "2258"]
[BlackElo "2051"]
[PlyCount "95"]
[EventDate "2011.11.01"]
[EventType "swiss"]
[EventRounds "9"]
[EventCountry "URU"]
[Source "lmi"]
[SourceDate "2011.11.01"]

1. e4 c5 2. Nf3 d6 3. d4 cxd4 4. Nxd4 Nf6 5. Nc3 g6 6. g3 Bg7 7. Bg2 O-O 8. O-O
Nc6 9. Nde2 a6 10. h3 Bd7 11. a4 Rc8 12. Nf4 Ne8 13. Ncd5 e6 14. Ne3 Ne5 15.
Qe2 Qc7 16. Rd1 Bc6 17. Ra2 Nf6 18. Ng4 Nfxg4 19. hxg4 Rfd8 20. c4 b6 21. b3
Ba8 22. Rad2 Rd7 23. Ba3 Rcd8 24. Nh3 Nc6 25. f4 Bc3 26. Rd3 Bb4 27. Bb2 Bc5+
28. Kh2 e5 29. f5 f6 30. g5 Rf7 31. g4 Nd4 32. Qd2 a5 33. Rf1 gxf5 34. gxf5 Qe7
35. Rg3 Rg7 36. Bc1 Rf8 37. Qe1 Qf7 38. gxf6 Qxf6 39. Bg5 Qf7 40. Bh6 Rxg3 41.
Qxg3+ Kh8 42. Bxf8 Qxf8 43. f6 Ne6 44. f7 Bc6 45. Rf6 Bd7 46. Ng5 Nf4 47. Nxh7
Kxh7 48. Qh4+ 1-0

[Event "Copa Latinoamericana de Ajedrez 2011"]
[Site "Montevideo URU"]
[Date "2011.11.02"]
[Round "3.30"]
[White "Carvalho, Guillermo"]
[Black "Barboza, Mauro"]
[Result "1-0"]
[WhiteElo "2244"]
[BlackElo "2051"]
[PlyCount "99"]
[EventDate "2011.11.01"]
[EventType "swiss"]
[EventRounds "9"]
[EventCountry "URU"]
[Source "lmi"]
[SourceDate "2011.11.01"]

1. c4 e5 2. Nc3 Nf6 3. Nf3 d6 4. g3 Nc6 5. Bg2 Be7 6. d4 e4 7. Ng5 e3 8. Bxe3
Ng4 9. Nf3 Nxe3 10. fxe3 Bg5 11. Nd5 Bh6 12. O-O Ne7 13. e4 c6 14. Nf4 Ng6 15.
e3 Qe7 16. Qd3 a5 17. b3 O-O 18. Rae1 Rd8 19. a4 Bg4 20. Nd2 Ne5 21. Qc3 Ng6
22. h3 Bc8 23. Kh2 Bg5 24. Qd3 Rb8 25. Qc3 Ra8 26. Nf3 Bh6 27. Re2 Re8 28. Nxg6
hxg6 29. e5 d5 30. c5 Be6 31. Ne1 Qg5 32. Nd3 Qh5 33. Rff2 g5 34. Qe1 g4 35.
Nf4 Bxf4 36. exf4 gxh3 37. Bf3 Qg6 38. Re3 Kf8 39. Qe2 Ke7 40. Bh5 Qh7 41. f5
Bxf5 42. e6 f6 43. Bxe8 Rxe8 44. Qe1 Be4 45. Qxa5 Qh5 46. Qc7+ Kxe6 47. Qxg7
Qg5 48. Qxg5 fxg5 49. g4 Rh8 50. Rxh3 1-0

[Event "Copa Latinoamericana de Ajedrez 2011"]
[Site "Montevideo URU"]
[Date "2011.11.02"]
[Round "3.31"]
[White "Hernandez Riera, Jose"]
[Black "Rezende Vilela, Guilherme"]
[Result "1/2-1/2"]
[WhiteElo "2225"]
[BlackElo "2050"]
[PlyCount "100"]
[EventDate "2011.11.01"]
[EventType "swiss"]
[EventRounds "9"]
[EventCountry "URU"]
[Source "lmi"]
[SourceDate "2011.11.01"]

1. Nf3 c5 2. c4 Nf6 3. g3 b6 4. Bg2 Bb7 5. O-O e6 6. Nc3 Be7 7. d4 cxd4 8. Qxd4
Nc6 9. Qf4 a6 10. Rd1 O-O 11. e4 d6 12. e5 dxe5 13. Rxd8 exf4 14. Rxf8+ Kxf8
15. Bxf4 Na5 16. b3 Ke8 17. Be3 Bb4 18. Na4 b5 19. Nc5 Bc6 20. Nd3 Bc3 21. Rc1
b4 22. Bc5 Rb8 23. Bd6 Rb7 24. Nc5 Ra7 25. Ne5 Bxg2 26. Kxg2 Bxe5 27. Bxe5 Nc6
28. Bb2 Ke7 29. Rd1 Ne8 30. f4 Nd6 31. Kf3 f6 32. Re1 Nd8 33. Bd4 Ra8 34. Na4
Nf5 35. Bc5+ Kf7 36. Rd1 Nc6 37. g4 Nfe7 38. Bb6 Rb8 39. Bc5 Rb7 40. Rd6 Rb8
41. Be3 h5 42. h3 hxg4+ 43. hxg4 e5 44. Nc5 Rh8 45. f5 Rh3+ 46. Ke4 Rg3 47. g5
Rxe3+ 48. Kxe3 Nxf5+ 49. Ke4 Nxd6+ 50. Kd5 Ke7 1/2-1/2

[Event "Copa Latinoamericana de Ajedrez 2011"]
[Site "Montevideo URU"]
[Date "2011.11.02"]
[Round "3.32"]
[White "Perez, Maximiliano"]
[Black "Muniz, Rafael"]
[Result "1-0"]
[WhiteElo "2193"]
[BlackElo "2220"]
[PlyCount "87"]
[EventDate "2011.11.01"]
[EventType "swiss"]
[EventRounds "9"]
[EventCountry "URU"]
[Source "lmi"]
[SourceDate "2011.11.01"]

1. e4 c5 2. Nf3 d6 3. d4 cxd4 4. Nxd4 Nf6 5. Nc3 a6 6. Be3 e5 7. Nb3 Be7 8. f3
O-O 9. Qd2 Be6 10. O-O-O a5 11. a4 Nc6 12. Qf2 Qc8 13. g4 Nb4 14. g5 Ne8 15.
Kb1 f5 16. Nd5 Nxd5 17. exd5 Bd7 18. f4 Bxa4 19. fxe5 Bxb3 20. exd6 Nxd6 21.
cxb3 a4 22. b4 a3 23. Bd4 Ne4 24. Qe1 Qd7 25. Bc4 Bd6 26. g6 h6 27. Qe3 axb2
28. Bxb2 Ra4 29. Rd4 Rxb4 30. Ba2 Rxb2+ 31. Kxb2 Be5 32. Rhd1 Qd6 33. Kb1 Rc8
34. R1d3 Kh8 35. Rc4 Rxc4 36. Bxc4 Qb4+ 37. Bb3 Qd6 38. Qa7 Qxg6 39. d6 Qg2 40.
Qb8+ Kh7 41. Qg8+ Kg6 42. Qe8+ Kg5 43. Qxe5 Nd2+ 44. Kc1 1-0

[Event "Copa Latinoamericana de Ajedrez 2011"]
[Site "Montevideo URU"]
[Date "2011.11.02"]
[Round "3.33"]
[White "Piñeiro, Dario"]
[Black "Codigone, Maximiliano"]
[Result "1/2-1/2"]
[WhiteElo "2198"]
[BlackElo "2033"]
[PlyCount "140"]
[EventDate "2011.11.01"]
[EventType "swiss"]
[EventRounds "9"]
[EventCountry "URU"]
[Source "lmi"]
[SourceDate "2011.11.01"]

1. e4 c6 2. d4 d5 3. f3 Qb6 4. a4 dxe4 5. fxe4 e5 6. c3 Nf6 7. Qd3 exd4 8. cxd4
Bb4+ 9. Nc3 O-O 10. Be2 c5 11. Be3 Nc6 12. d5 Ne5 13. Qc2 Re8 14. h3 Bd7 15.
Nf3 Nxf3+ 16. Bxf3 Nxd5 17. Bf2 Qa5 18. O-O Nxc3 19. bxc3 Bxc3 20. Be1 Bxe1 21.
Rfxe1 Bc6 22. Rf1 Qb4 23. Kh1 Bxe4 24. Bxe4 Rxe4 25. Rab1 Qxa4 26. Qxc5 Qd7 27.
Rfd1 Qc6 28. Qxc6 bxc6 29. Rb7 a5 30. Rf1 Rf8 31. Rc1 g6 32. Rxc6 Rfe8 33. Ra7
Ra4 34. Rf6 Ra1+ 35. Kh2 Rf8 36. Rfa6 Kg7 37. Rxa5 Rf1 38. Ra1 Rxa1 39. Rxa1 g5
40. g4 Kg6 41. Ra6+ f6 42. Kg3 h5 43. h4 hxg4 44. Kxg4 gxh4 45. Kxh4 Rb8 46.
Kg4 Rb4+ 47. Kf3 Kg5 48. Ra5+ f5 49. Ra8 Rb3+ 50. Kf2 Rc3 51. Ra4 Rb3 52. Ra8
Kg4 53. Kg2 Rb2+ 54. Kg1 f4 55. Rg8+ Kf3 56. Ra8 Rb1+ 57. Kh2 Re1 58. Rf8 Rf1
59. Ra8 Re1 60. Rf8 Re4 61. Kg1 Ra4 62. Rb8 Ra1+ 63. Kh2 Kf2 64. Rb2+ Kf1 65.
Rb3 Kf2 66. Rb2+ Kf1 67. Rb3 Ra2+ 68. Kh3 Rf2 69. Rb1+ Ke2 70. Rb2+ Ke3 1/2-1/2

[Event "Copa Latinoamericana de Ajedrez 2011"]
[Site "Montevideo URU"]
[Date "2011.11.02"]
[Round "3.34"]
[White "Blixen, Federico"]
[Black "Valenzuela Gomez, Fernando"]
[Result "1/2-1/2"]
[WhiteElo "2131"]
[BlackElo "2151"]
[PlyCount "76"]
[EventDate "2011.11.01"]
[EventType "swiss"]
[EventRounds "9"]
[EventCountry "URU"]
[Source "lmi"]
[SourceDate "2011.11.01"]

1. d4 Nf6 2. c4 e6 3. Nc3 Bb4 4. e3 O-O 5. Bd3 d6 6. Nge2 c5 7. O-O Nc6 8. a3
Ba5 9. Qc2 Qe7 10. Bd2 h6 11. f4 cxd4 12. Nxd4 Nxd4 13. exd4 Bb6 14. Ne2 Bd7
15. Kh1 Bc6 16. h3 Rac8 17. Bc3 Rfe8 18. h4 a6 19. Rae1 Ba7 20. Ng3 b5 21. c5
Nd5 22. Nf5 exf5 23. Rxe7 Rxe7 24. Bd2 g6 25. Kh2 Nf6 26. Re1 Rxe1 27. Bxe1 Bb8
28. g3 Re8 29. Bf2 Nd5 30. Qd2 h5 31. Bf1 Nf6 32. Bg2 d5 33. Bf3 Bc7 34. Kg2
Ra8 35. Qe3 Re8 36. Qd2 Ra8 37. Qe3 Kf8 38. Be1 Re8 1/2-1/2

[Event "Copa Latinoamericana de Ajedrez 2011"]
[Site "Montevideo URU"]
[Date "2011.11.02"]
[Round "3.35"]
[White "Lemos, Damian"]
[Black "Martinez Alcantara, Jose Eduardo"]
[Result "1-0"]
[WhiteElo "2543"]
[BlackElo "1995"]
[PlyCount "107"]
[EventDate "2011.11.01"]
[EventType "swiss"]
[EventRounds "9"]
[EventCountry "URU"]
[Source "lmi"]
[SourceDate "2011.11.01"]

1. e4 c5 2. Nf3 d6 3. Nc3 Nf6 4. d4 cxd4 5. Nxd4 Nc6 6. Bg5 e6 7. Qd2 Be7 8.
O-O-O a6 9. f4 Nxd4 10. Qxd4 O-O 11. Be2 b5 12. Bxf6 Bxf6 13. Qxd6 Bb7 14. Qxd8
Rfxd8 15. Rxd8+ Rxd8 16. Bf3 Bd4 17. Nd1 b4 18. Re1 Kf8 19. e5 Bxf3 20. gxf3 a5
21. c3 Bc5 22. Kc2 g6 23. Ne3 a4 24. Nc4 Ke7 25. Re4 bxc3 26. bxc3 Ra8 27. Nb2
a3 28. Nd3 Bg1 29. Re1 Bb6 30. Rb1 Be3 31. Rb4 Bg1 32. h3 Ra7 33. Kd2 Kd7 34.
Rb1 Bh2 35. Rh1 Bg3 36. Rg1 Bh4 37. Rb1 Be7 38. c4 Kc7 39. Kc3 h6 40. Rb5 g5
41. fxg5 hxg5 42. Nc5 Kc6 43. Nb3 Rd7 44. Na5+ Kc7 45. Rb7+ Kc8 46. Rxd7 Kxd7
47. Kd4 Bb4 48. Nb7 Kc7 49. Nc5 Bd2 50. Ne4 Be1 51. c5 Kc6 52. Nd6 Bf2+ 53. Kc4
Bxc5 54. Nxf7 1-0

[Event "Copa Latinoamericana de Ajedrez 2011"]
[Site "Montevideo URU"]
[Date "2011.11.02"]
[Round "3.36"]
[White "Heinecke, Lucas"]
[Black "Zambrana, Oswaldo"]
[Result "0-1"]
[WhiteElo "1968"]
[BlackElo "2502"]
[PlyCount "68"]
[EventDate "2011.11.01"]
[EventType "swiss"]
[EventRounds "9"]
[EventCountry "URU"]
[Source "lmi"]
[SourceDate "2011.11.01"]

1. Nf3 Nf6 2. c4 c6 3. g3 d5 4. d4 e6 5. Qc2 Be7 6. Bg2 O-O 7. O-O dxc4 8. Qxc4
b6 9. Rd1 Ba6 10. Qc2 Nbd7 11. Nc3 Rc8 12. Qa4 Nb8 13. Bf4 b5 14. Qc2 Nbd7 15.
Ne5 Nd5 16. Nxd7 Qxd7 17. Ne4 b4 18. Nc5 Bxc5 19. dxc5 Qb7 20. Bd6 Rfe8 21. Rd4
e5 22. Re4 f6 23. Bh3 Rcd8 24. Bf5 h6 25. Qb3 Qf7 26. Rg4 Bxe2 27. Bg6 Qd7 28.
Rxb4 Qe6 29. Bxe8 Rxe8 30. Re4 Bg4 31. Qa4 Bh3 32. Rh4 g5 33. Rxh6 Kg7 34. Qb3
e4 0-1

[Event "Copa Latinoamericana de Ajedrez 2011"]
[Site "Montevideo URU"]
[Date "2011.11.02"]
[Round "3.37"]
[White "Martyniuk, Carolina"]
[Black "Krysa, Leandro"]
[Result "0-1"]
[WhiteElo "1959"]
[BlackElo "2396"]
[PlyCount "140"]
[EventDate "2011.11.01"]
[EventType "swiss"]
[EventRounds "9"]
[EventCountry "URU"]
[Source "lmi"]
[SourceDate "2011.11.01"]

1. g3 d5 2. Bg2 c6 3. d3 Bg4 4. Nf3 Nd7 5. O-O e5 6. e4 dxe4 7. dxe4 Bc5 8. Qe2
Ngf6 9. Nbd2 O-O 10. h3 Bh5 11. g4 Bg6 12. Nh4 Re8 13. Nf5 Nf8 14. Nb3 Bb6 15.
Rd1 Qc7 16. c4 Ne6 17. Qc2 c5 18. Be3 Nd4 19. Nbxd4 cxd4 20. Bg5 Qc6 21. b4 Bd8
22. Rac1 Nd7 23. Bxd8 Raxd8 24. c5 Nf8 25. Nd6 Re7 26. f4 exf4 27. Rxd4 Ne6 28.
Rdd1 b6 29. Qc4 bxc5 30. e5 f3 31. Bh1 Ng5 32. Qxc5 Nxh3+ 33. Kh2 Qxc5 34. bxc5
Nf2 35. Nf5 Rxd1 36. Nxe7+ Kf8 37. Nxg6+ hxg6 38. Rxd1 Nxd1 39. Bxf3 Nc3 40.
Bb7 Ke7 41. a3 Ke6 42. Kg3 Kxe5 43. Kf3 Nd5 44. Ba6 Kd4 45. c6 g5 46. Bf1 Kc5
47. Ke4 Kxc6 48. Bc4 Nc3+ 49. Kf5 f6 50. Kg6 Kd6 51. Kxg7 Ke5 52. Kg6 Nb1 53.
a4 a5 54. Bb5 Nc3 55. Bd7 Ne4 56. Bc6 Nc5 57. Bb5 Ne6 58. Bc6 Nf4+ 59. Kh6 Nd3
60. Kg6 Kf4 61. Kxf6 Ne5 62. Bb5 Nxg4+ 63. Ke6 Ne5 64. Be2 Nf3 65. Kd5 g4 66.
Bf1 Ke3 67. Kc5 Kf2 68. Kb5 Kxf1 69. Kxa5 Nd4 70. Kb6 Nb3 0-1

[Event "Copa Latinoamericana de Ajedrez 2011"]
[Site "Montevideo URU"]
[Date "2011.11.02"]
[Round "3.38"]
[White "Villarreal, Julio"]
[Black "Fabian, Gaston"]
[Result "0-1"]
[WhiteElo "1942"]
[BlackElo "2352"]
[PlyCount "92"]
[EventDate "2011.11.01"]
[EventType "swiss"]
[EventRounds "9"]
[EventCountry "URU"]
[Source "lmi"]
[SourceDate "2011.11.01"]

1. b4 e5 2. Bb2 e4 3. e3 Nf6 4. a3 d5 5. c4 c6 6. Qb3 Be7 7. Ne2 O-O 8. Nf4 Na6
9. d4 Nc7 10. Nd2 Bd6 11. Ne2 Be6 12. c5 Be7 13. Nc3 Nd7 14. Be2 f5 15. g3 Qe8
16. a4 Qf7 17. b5 Rab8 18. Qd1 g5 19. Nb3 Nf6 20. Ba3 Kh8 21. Na5 Bd7 22. Ra2
Ne6 23. Rb2 f4 24. Qb1 Bd8 25. b6 a6 26. h3 Ng7 27. g4 f3 28. Bf1 h5 29. Kd2
Kg8 30. Na2 hxg4 31. hxg4 Nxg4 32. Kc3 Nf6 33. Nb4 g4 34. Rd2 Nf5 35. Qe1 Qg7
36. Bc1 Kf7 37. Bxa6 bxa6 38. Naxc6 Bxc6 39. Nxc6 Bxb6 40. cxb6 Rfc8 41. a5
Rxc6+ 42. Kb3 Ke6 43. Ba3 Rc4 44. Qg1 Qd7 45. Qh2 Qb5+ 46. Ka2 g3 0-1

[Event "Copa Latinoamericana de Ajedrez 2011"]
[Site "Montevideo URU"]
[Date "2011.11.02"]
[Round "3.39"]
[White "Matsuura, Frederico"]
[Black "Lallana, Daniel"]
[Result "1-0"]
[WhiteElo "2314"]
[BlackElo "2003"]
[PlyCount "52"]
[EventDate "2011.11.01"]
[EventType "swiss"]
[EventRounds "9"]
[EventCountry "URU"]
[Source "lmi"]
[SourceDate "2011.11.01"]

1. d4 d5 2. Nf3 Nf6 3. Bg5 e6 4. e3 Bb4+ 5. c3 Ba5 6. Ne5 c6 7. Nd2 Nbd7 8. f4
O-O 9. Bd3 Qe8 10. Qf3 h6 11. Bxf6 Nxf6 12. g4 Nh7 13. g5 f5 14. gxh6 g6 15.
O-O-O Kh8 16. Rdg1 Rg8 17. Qg2 Nf8 18. h4 Bd8 19. Ndf3 Bf6 20. h5 Kh7 21. Ng5+
Bxg5 22. Qxg5 a5 23. Qf6 b6 24. Nf7 g5 25. Nxg5+ Rxg5 26. Rxg5 Ra7 1-0

[Event "Copa Latinoamericana de Ajedrez 2011"]
[Site "Montevideo URU"]
[Date "2011.11.02"]
[Round "3.41"]
[White "Orguim Da Silva, Joao Carlos"]
[Black "Izquierdo, Daniel"]
[Result "0-1"]
[WhiteElo "1932"]
[BlackElo "2277"]
[PlyCount "62"]
[EventDate "2011.11.01"]
[EventType "swiss"]
[EventRounds "9"]
[EventCountry "URU"]
[Source "lmi"]
[SourceDate "2011.11.01"]

1. Nf3 Nf6 2. g3 g6 3. Bg2 Bg7 4. O-O O-O 5. d4 d6 6. Nbd2 Nbd7 7. e4 e5 8. c3
Re8 9. Re1 b6 10. Qc2 Bb7 11. d5 c6 12. Nc4 Qc7 13. Ne3 cxd5 14. Nxd5 Nxd5 15.
exd5 Bxd5 16. Rd1 Bb7 17. Ng5 Bxg2 18. Kxg2 Nf6 19. Ne4 Qc6 20. f3 d5 21. Nxf6+
Bxf6 22. Qd3 Rad8 23. Be3 h5 24. Rd2 Kg7 25. Rad1 h4 26. g4 e4 27. Qe2 d4 28.
Bxd4 Rxd4 29. cxd4 exf3+ 30. Qxf3 h3+ 31. Kf2 Bh4+ 0-1

[Event "Copa Latinoamericana de Ajedrez 2011"]
[Site "Montevideo URU"]
[Date "2011.11.02"]
[Round "3.42"]
[White "Meruvia Meruvia, Juan"]
[Black "Pazdur, Martin"]
[Result "1/2-1/2"]
[WhiteElo "1905"]
[BlackElo "2230"]
[PlyCount "47"]
[EventDate "2011.11.01"]
[EventType "swiss"]
[EventRounds "9"]
[EventCountry "URU"]
[Source "lmi"]
[SourceDate "2011.11.01"]

1. d4 Nf6 2. Bg5 e6 3. e4 Be7 4. Bxf6 Bxf6 5. f4 c5 6. e5 Be7 7. Nf3 cxd4 8.
Bd3 Nc6 9. O-O d5 10. a3 Bd7 11. b4 h6 12. Nbd2 Qb6 13. Qe2 O-O-O 14. Rfb1 g5
15. Nb3 gxf4 16. b5 Na5 17. Nbxd4 f6 18. c3 Rdg8 19. Kh1 f5 20. Qd2 Qc5 21. Rb4
b6 22. c4 Kb7 23. cxd5 Qxd5 24. Bf1 1/2-1/2

[Event "Copa Latinoamericana de Ajedrez 2011"]
[Site "Montevideo URU"]
[Date "2011.11.02"]
[Round "3.43"]
[White "Manzanares, Richard"]
[Black "Perez Gormaz, Matias"]
[Result "0-1"]
[WhiteElo "1897"]
[BlackElo "2216"]
[PlyCount "68"]
[EventDate "2011.11.01"]
[EventType "swiss"]
[EventRounds "9"]
[EventCountry "URU"]
[Source "lmi"]
[SourceDate "2011.11.01"]

1. d4 Nf6 2. Nc3 d5 3. e4 Nxe4 4. Nxe4 dxe4 5. Bc4 Nc6 6. Be3 e5 7. d5 Nb8 8.
Qh5 Bd6 9. O-O-O a6 10. f3 g6 11. Qh6 Bf8 12. Qg5 Qxg5 13. Bxg5 exf3 14. Nxf3
Nd7 15. Nxe5 Nxe5 16. Rhe1 Bg7 17. Rxe5+ Bxe5 18. Re1 O-O 19. Rxe5 Bf5 20. Re7
Rac8 21. Bf4 Rfe8 22. Rxc7 Rxc7 23. Bxc7 Re1+ 24. Kd2 Rg1 25. Bd3 Rxg2+ 26. Ke3
Bxd3 27. Kxd3 Kf8 28. a4 Ke8 29. b4 Kd7 30. Bg3 f5 31. c4 Ra2 32. a5 g5 33. Be5
f4 34. Kd4 f3 0-1

[Event "Copa Latinoamericana de Ajedrez 2011"]
[Site "Montevideo URU"]
[Date "2011.11.02"]
[Round "3.44"]
[White "Salguero, Rafael"]
[Black "Rioseco Pinochet, Fernan"]
[Result "0-1"]
[WhiteElo "1855"]
[BlackElo "2192"]
[PlyCount "116"]
[EventDate "2011.11.01"]
[EventType "swiss"]
[EventRounds "9"]
[EventCountry "URU"]
[Source "lmi"]
[SourceDate "2011.11.01"]

1. d4 Nf6 2. c4 c5 3. d5 e5 4. Nc3 d6 5. e4 Be7 6. Nf3 Nbd7 7. Be2 O-O 8. O-O
Ne8 9. Ne1 Bg5 10. Nd3 g6 11. Rb1 b6 12. f4 exf4 13. Bxf4 Bxf4 14. Rxf4 Qg5 15.
Qf1 Ne5 16. Nxe5 dxe5 17. Rf3 f5 18. exf5 Bxf5 19. Bd3 Nd6 20. Re1 Bxd3 21.
Qxd3 Rxf3 22. Qxf3 Rf8 23. Qe2 Qf4 24. b3 e4 25. Qe3 Qe5 26. Nd1 Re8 27. Nf2
Qd4 28. g3 Kg7 29. Re2 h5 30. Qf4 Re5 31. Kg2 g5 32. Qe3 Qxe3 33. Rxe3 Kf6 34.
g4 h4 35. Kf1 Re7 36. Ke2 Ke5 37. Nh3 Rg7 38. Rc3 b5 39. Ke3 bxc4 40. bxc4 Rg8
41. Rc2 Rg6 42. Rc3 Rf6 43. Nxg5 Rg6 44. Ne6 Rxg4 45. Nxc5 Nf5+ 46. Kf2 e3+ 47.
Kf1 Kd4 48. Na4 Rf4+ 49. Ke1 Rf2 50. Rc1 Rxh2 51. Rd1+ Kxc4 52. Rc1+ Kb4 53.
Nb2 Rxb2 54. Kf1 Ng3+ 55. Kg1 h3 56. a3+ Kxa3 57. Rc3+ Kb4 58. Rb3+ Kxb3 0-1

[Event "Copa Latinoamericana de Ajedrez 2011"]
[Site "Montevideo URU"]
[Date "2011.11.02"]
[Round "3.45"]
[White "Granara Barreto, Sebastian"]
[Black "Alvarez, Miguel"]
[Result "1-0"]
[WhiteElo "2190"]
[BlackElo "1932"]
[PlyCount "67"]
[EventDate "2011.11.01"]
[EventType "swiss"]
[EventRounds "9"]
[EventCountry "URU"]
[Source "lmi"]
[SourceDate "2011.11.01"]

1. Nf3 c5 2. g3 Nc6 3. c4 Nf6 4. Nc3 g6 5. Bg2 Bg7 6. O-O O-O 7. d4 cxd4 8.
Nxd4 Nxd4 9. Qxd4 d6 10. Qd2 Rb8 11. b3 Qa5 12. Bb2 Qh5 13. Nd5 Nxd5 14. Bxg7
Kxg7 15. cxd5 b6 16. Rac1 Ba6 17. Qd4+ Kg8 18. Bf3 Qg5 19. h4 Qf6 20. Qa4 Bc8
21. Rc7 a6 22. Rfc1 h6 23. Bg4 b5 24. Qe4 Bxg4 25. Qxg4 Qe5 26. R1c3 a5 27. Re3
Qxd5 28. Rexe7 Kg7 29. e4 Qd2 30. Qf3 Qd4 31. Rxf7+ Kg8 32. h5 g5 33. Qf5 Qd1+
34. Kg2 1-0